Fictional Characters Who Are Blue Quiz Stats

 Plays Quiz Updated Jun 23, 2017

Support Sporcle.
Go Orange.
Score 0/24 Timer 04:00
3 Plays Today
Number Character Name % Correct
Papa Smurf
96.2%
Cookie Monster
95%
Thomas the Tank Engine
93.5%
Sonic the Hedgehog
92.8%
Genie
91.9%
Dory
86.4%
Blue Ranger
80.6%
James P. 'Sulley' Sullivan
76.2%
Neytiri
70.8%
Squirtle
65.9%
Megamind
65.2%
Blue Man Group
65%
Number Character Name % Correct
Toucan Sam
62.4%
Grover
58.9%
Gonzo
55.6%
Zazu
51.4%
Inky
50.7%
Captain Planet
47.1%
The Tick
44.8%
Flik
44.5%
Mega Man
43.7%
Huckleberry Hound
41%
Mosquito 'Skeeter' Valentine
28.8%
Captain Falcon
28.3%

You're not logged in!

Compare scores with friends on all Sporcle quizzes.
OR
Log In
Forgot?

From the Vault

Remove Ads.
Support Sporcle.
Get the best of Sporcle when you Go Orange. This ad-free experience offers more features, more stats, and more fun while also helping to support Sporcle. Thank you for becoming a member.

Show Comments

Extras

Top Quizzes Today


Score Distribution

Your Account Isn't Verified!

In order to create a playlist on Sporcle, you need to verify the email address you used during registration. Go to your Sporcle Settings to finish the process.

Report this User

Report this user for behavior that violates our Community Guidelines.

Details: